[Event "ISR-chT"]
[Site "Israel"]
[Date "1997.??.??"]
[Round "5"]
[White "Avrukh, Boris"]
[Black "Shmuter, Leonid"]
[Result "0-1"]
[WhiteElo "2520"]
[BlackElo "2485"]
[Annotator "Avrukh,B"]
[PlyCount "108"]
[EventDate "1997.??.??"]
[EventType "team"]
[EventRounds "11"]
[EventCountry "ISR"]
[SourceTitle "CBM 058"]
[Source "ChessBase"]
[SourceDate "1997.06.01"]
[SourceVersion "1"]
[SourceVersionDate "1997.06.01"]
[SourceQuality "1"]

1. d4 d5 2. c4 e6 3. Nc3 c5 4. cxd5 exd5 5. Nf3 Nc6 6. g3 Nf6 7. Bg2 Be7 8. O-O
O-O 9. Bg5 cxd4 10. Nxd4 h6 11. Be3 Re8 12. Rc1 Bg4 $6 {I think black has more
chances in 12...Bf8 line} 13. h3 Be6 14. Qa4 Ne5 {N.} (14... Nxd4 15. Bxd4 Ne4
16. Nxe4 dxe4 17. Rfd1 Bd7 18. Qb3 Bg5 19. e3 b6 20. h4 Be6 21. Qc2 Bf6 22.
Qxe4 $18 {Stohl,I-Grant,J 1995.}) (14... Qd7 15. Kh2 a6 16. Nxc6 (16. Nxe6 fxe6
) 16... bxc6 17. Rfd1 Rab8 18. b3 Bf5 19. Bf4 Rb6 20. e4 Rb4 21. Qxa6 Nxe4 {
A.Greenfeld-Smuter,L 1996} 22. Nxe4 Bxe4 23. Qxc6 $18 {[Avrukh,B]}) (14... Na5
15. Nxe6 (15. Rcd1 a6 (15... Nc4 16. Bc1 Bd7 17. Qb3 Na5 18. Qc2 Rc8 19. Qd3 (
19. Qb1 Qb6)) 16. Bc1 b5 (16... Rc8 17. Qc2 b5 18. Nxe6 fxe6 19. Qg6) 17. Qc2
b4 18. Nxe6 (18. Na4 Bd7) 18... fxe6 19. Na4 (19. Ne4 Nxe4 20. Bxe4 Qc8) (19.
Na4)) 15... fxe6 16. Nb5 (16. Rfd1 a6 (16... Nc4 17. Nxd5)) (16. Rcd1) 16...
Nc6 17. Nd4 Nxd4 18. Bxd4 Bd6 19. Qb3 b6 20. Rc6 Qd7 21. Rc2 Rac8 22. Rxc8 Rxc8
23. Rd1 Qf7 24. Bxf6 Qxf6 25. Bxd5 $18 {Lutz-Demuth 1988}) 15. Rcd1 {[%csl Gd5]
[%cal Ge3c1]} a6 (15... Nc4 $2 16. Nxe6 fxe6 17. Nxd5 $1 exd5 (17... Nxb2 18.
Nxf6+ Bxf6 19. Rxd8 Nxa4 20. Rxa8 (20. Rd7) 20... Rxa8 21. Bxb7 Rb8 22. Rb1 $1
$18) 18. Bxd5+ Qxd5 (18... Nxd5 19. Qxc4) 19. Rxd5 Nxe3 20. fxe3 Nxd5 21. Qb3 {
with next 22e4+-.}) (15... Bd7 16. Qb3 Bc6 17. Nf5 $16) (15... Qc8 16. Kh2) 16.
Bf4 $1 (16. Nxe6 fxe6 17. Bd4 b5 18. Qb3 Nc4 19. f4 $14 (19. e4 $6 e5)) (16.
Bc1 b5 17. Qb3 Qb6 (17... b4 $2 18. Nxe6 fxe6 19. Bxd5 $3 Nxd5 20. Nxd5 $18)
18. e4 (18. Nxe6 fxe6 19. e4 d4 20. Ne2 Rad8 $13) 18... dxe4 19. Nxe6 Qxe6 20.
Qxe6 fxe6 21. Nxe4 Rad8 $132) 16... Nc4 $6 (16... b5 17. Qb3 (17. Qc2 {Also
possible,with big advantage for white.}) 17... Nc4 18. e4 $16) (16... Ng6 17.
Bc1 $1 $16 (17. Nxe6 fxe6 18. e4 Nxf4 19. gxf4 Qb6 $1 20. exd5 Qxb2 21. Rd3 b5
22. Qd4 exd5 $10) (17. e4 $2 Nxf4 18. gxf4 Bd7 19. Qb3 dxe4 $17)) 17. Qb3 $6 (
17. Nxe6 $1 {[%cal Gc4g8]} fxe6 18. Nxd5 $1 exd5 (18... Nxd5 19. Qxc4 $18) (
18... Nxb2 19. Nxf6+ Bxf6 20. Rxd8 Nxa4 21. Rxa8 Rxa8 22. Bxb7 Ra7 23. Bc8 Kf7
24. Be3 Rc7 25. Bxa6 Rc2 26. Rb1 $18) 19. Bxd5+ Qxd5 (19... Nxd5 20. Qxc4 $18)
20. Rxd5 Nb6 21. Qb3 Nbxd5 22. e4 $1 $18) 17... Qb6 (17... Qc8 18. Nxe6 fxe6
19. e4 e5 20. Nxd5 $1 Nxd5 (20... exf4 21. Nb6 Qe6 (21... Qc5 22. Nxc4 Kh8 23.
gxf4 $18) 22. Nxa8 Rxa8 23. e5 $1 $18) 21. exd5 exf4 22. d6 Bxd6 23. Rxd6 $18)
18. Na4 $6 (18. Nxe6 $1 fxe6 19. Nxd5 $1 (19. e4 $2 Qxb3 20. axb3 Nxb2 21. Rd2
Bb4) 19... Nxd5 (19... exd5 20. Bxd5+ Nxd5 21. Qxc4 $18) 20. Qxc4 Rac8 (20...
Nxf4 21. gxf4) 21. Qe4 Nxf4 (21... Bf6 22. Be5 $16 (22. Bxh6 $5 gxh6 (22...
Qxb2 23. Rd2) 23. Qg6+ Kf8 24. e4 $1 $18)) 22. gxf4 Rc7 23. b3 $16) (18. Qxb6
Nxb6 {And black has real countrplay,by c file Rac8,Nc4.}) (18. e4 dxe4 19. Qxb6
Nxb6 20. Nxe6 fxe6 21. Nxe4 Nfd5 $14) 18... Qa7 (18... Qxb3 19. axb3 Nd6 (19...
Na5 20. Nb6 Rad8 21. Bc7) 20. Nb6 Rad8 21. Rc1 {And white has advantage.}) (
18... Qa5 $142 19. Nxe6 (19. Qxb7 $5 Qxa4 20. b3 Qxa2 21. bxc4 Qxc4 (21... dxc4
$2 22. Ra1 $18) 22. Nc6 Bf8 (22... Bc5 $2 23. Rc1 $18) 23. Nb8 (23. Bb8 Bd7 (
23... Raxb8 24. Nxb8 Bc8 25. Qb6 Qxe2 26. Nc6 $14) 24. Bxd5 Qb5 $1 25. Qxa8
Nxd5 26. Na7 $1 Rxb8 27. Qxd5 Qxd5 28. Rxd5 Rb7 29. Rfd1 Be6 30. Nc6 $10) 23...
Raxb8 24. Bxb8 Qxe2 $14) 19... fxe6 20. e4 b5 21. exd5 (21. Nc3 e5 {And black
is O.K.}) 21... Rac8 $1 (21... Qxa4 22. d6 Qxb3 23. axb3 Nxb2 24. Rd2 Rad8 25.
Bc6 $18) 22. Nc3 b4 23. Ne4 (23. d6 bxc3 24. bxc3 Bxd6 25. Bxd6 Nxd6 26. Rxd6
Rxc3 27. Rxa6 Qxa6 28. Qxc3 Qxa2 29. Ra1 Qe2 30. Bf3 Qb5 $10) 23... Nxd5 24.
Bc1 $14) 19. e4 $2 (19. Nxe6 $1 fxe6 20. e4 b5 21. exd5 Rac8 22. Nc3 b4 (22...
Na5 23. Qc2 b4 (23... Nxd5 $2 24. Bxd5 exd5 25. Qg6 $16) 24. d6 bxc3 25. dxe7
cxb2 26. Qxb2 Qxe7 27. Qb6 $16) 23. Ne2 exd5 24. Rxd5 $16) 19... Bd7 $1 (19...
b5 $2 20. Nc3 (20. exd5 Bxd5) 20... dxe4 21. Nxe6 fxe6 22. Nxe4 Nd5 23. Bc1 {
And white is better.}) 20. Nc3 (20. Nf5 Bxf5 (20... Bxa4 21. Qxa4 Nxb2 22.
Nxe7+ Rxe7 23. Qb4 Nxd1 24. Qxe7 Nc3 (24... Re8 25. Qb4 Nxf2 (25... Nxe4 26.
Qa4) 26. Rxf2 Nxe4 27. Bxe4 dxe4 28. Qc3 $14) 25. e5 Ne2+ (25... Re8 26. exf6
$1 (26. Qc7 Nfe4 $17) 26... Rxe7 27. fxe7 Qa8 28. Re1 Qe8 29. Bd2 $16) 26. Kh2
Nxf4 27. gxf4 $1 (27. exf6 Nxg2 (27... Ng6 28. Qd6 $14) 28. fxg7 Nf4 29. gxf4
Qd4 30. Qd6 Kxg7 31. Rg1+ Kh7 $15) 27... Ne4 (27... Re8 $2 28. exf6 $1 Rxe7 29.
fxe7 Qb8 30. Re1 Qe8 31. Bxd5 $18) 28. e6 fxe6 (28... Rf8 $2 29. exf7+ Rxf7 30.
Qd8+ Kh7 31. Qxd5 $18) 29. Qxe6+ Kh8 30. Qxd5 Nf6 (30... Nxf2 $2 31. Qf3) (
30... Nc3 31. Qe5 (31. Qxb7 Qxb7 32. Bxb7 Rf8) 31... Na4 32. Rd1 Qxf2 33. Rd6)
(30... Nc5 31. Rc1 Rc8 32. Qf5 $1 Rc7 33. Qf8+ Kh7 34. Bd5 $18) 31. Qxb7 Qxb7
32. Bxb7 Ra7 33. Rb1 $16) 21. exf5 Rac8 (21... b5 22. Nc3 (22. Bxd5 Nxd5 23.
Rxd5 Rac8 24. Nc3 Bf6 $44) 22... d4 23. Bxa8 dxc3 24. Bg2 cxb2 25. Rfe1 $13)
22. Bxd5 (22. Nc3 Na5 23. Qa4 Nc4 24. Nxd5 $1 Nxb2 25. Nxe7+ Rxe7 26. Qb4 {
White is better.}) 22... Nxd5 23. Rxd5 b5 24. Nc3 Bf6 $44) (20. exd5 $6 Bxa4
21. Qxc4 Bxd1 22. Rxd1 Bc5 $1 $17) 20... Na5 21. Qc2 dxe4 (21... Bc5 22. e5 Nh5
(22... Bxd4 $2 23. exf6 Bxf6 24. Nxd5 $16) 23. Be3 (23. Nde2 d4) 23... Nc4 (
23... Rxe5 24. Nxd5 Bxh3 25. Bxh3 Rxd5 26. Nb5 $1 $16) 24. Bxd5 Nxe5 $13) 22.
Nxe4 Nxe4 (22... Rac8 $142 23. Nc3 b5 (23... Nc6 $10) (23... Bc5 24. Nb3 Nxb3
25. Qxb3 Bc6 $10) 24. a3 (24. Qb1) (24. Nf5 Bc5 (24... b4 $2 25. Nxe7+ Rxe7 26.
Bd6) (24... Bxf5 25. Qxf5 Nc4 26. Nd5 $1 $40 Nxb2 $140 27. Be3 Qb8 28. Nxe7+
Rxe7 29. Bf4 $16) 25. Nd6 (25. Qb1 Nc4) 25... Bxd6 26. Bxd6 Nc4 $10 27. Bf4)
24... Bc5 (24... Nc4 $5) 25. Nb3 Nxb3 26. Qxb3 Be6 27. Qc2 Nh5 {And black is
better.}) 23. Qxe4 Bf6 24. Qd5 (24. Qd3 $10) 24... b5 (24... Rad8 $2 25. Bc7) (
24... Ba4 25. b3 Bxd4 (25... Nc6 26. Nf5 Bb5 27. Nd6 $1 $16) 26. Qxd4 Qxd4 27.
Rxd4 Bb5 28. Rfd1 $14) 25. b4 $1 (25. Be3 $2 Nc4 26. Nxb5 Nxe3 27. Nxa7 Nxd5
28. Rxd5 Rxa7 $19) (25. Bd6 Rac8 (25... Rad8) 26. b4 (26. b3 Qb6 $10) 26... Nc4
27. Bc5 Qc7 $10) 25... Nc4 26. Nb3 (26. Qc5 Be7 $1) (26. Nc6 Bxc6 27. Qxc6 Bd4
$10) 26... Rad8 $2 (26... Be6 $1 27. Qc5 Be7 $1 28. Qxa7 Rxa7 29. Nc5 Bf6 $10)
27. Qc5 Qxc5 28. bxc5 (28. Nxc5 Bc8 29. Rxd8 Rxd8 30. a4 bxa4 (30... Bc3 31.
axb5 axb5 32. Ne4 $1 Bxb4 33. Rb1 $10) 31. Nxa4 $10) 28... Bf5 (28... g5 $2 29.
Bc7 $18) (28... Bc8) 29. c6 $2 $138 (29. g4 $1 {/^ h2-b8.} Bd3 (29... Bc8 30.
c6 $16) (29... Be4 $2 30. Rxd8 Bxd8 31. Re1 Bc6 32. Rxe8+ Bxe8 33. c6 $18) 30.
Rfe1 Nb2 $1 31. Rc1 Bc4 32. Rxe8+ Rxe8 33. Be3 Nd3 34. Rb1 {And white has
better chances,with c pawn.}) 29... g5 $1 30. Rxd8 (30. Bc1 Rxd1 (30... Be5 $5)
31. Rxd1 Bc2 32. Rf1 Bd3 $10 {black has draw minimum.}) (30. Bc7 $2 Rc8 31. Rd7
Re2 $17) 30... Rxd8 (30... Bxd8 $5 31. Be3 (31. Bc1 Bb6 {/\32...a5-a4,black
has more better chances.}) (31. Bb8 Bb6 32. c7 Re7 33. g4 Bc8 $17 {And pawn on
c7 is fall dawn.}) 31... Nxe3 32. fxe3 Bd3 33. Rc1 Bb6 34. Nd4 Bc4 {with equal
chances.}) 31. Be3 (31. Bc1) 31... Be5 32. Ba7 a5 (32... Ra8 33. Bd4) 33. g4 (
33. Nxa5 $2 Nxa5 34. Bb6 Ra8 35. c7 Ra6 $19) (33. f4 $5 gxf4 34. gxf4 Bc3 $1
$13 (34... Bb8 35. Bxb8 Rxb8 36. Nd4 $16) (34... Bc7 35. Nd4 Bd3 36. Rf3 $1 (
36. Rd1 Bc2 37. Rc1 Ba4 $1 $13) (36. Nxb5 $5 Bxf1 37. Bxf1 Bb6+ 38. Kh2 $44)
36... Nb2 37. Rg3+ Kh8 38. Rxd3 Nxd3 39. Nxb5 $16) 35. c7 $140 Rc8 36. Bb8 a4
37. Bb7 axb3 38. Bxc8 Bxc8 39. axb3 Nd2 40. Rc1 b4 $17) 33... Bc8 $138 34. Nc5
(34. Re1 Kg7 (34... f6 35. Bd4 (35. Nd4 b4) 35... Kf7 36. Bxe5 fxe5 37. Rb1 $1
$14) (34... a4 $2 35. Nd4 $1 Ba6 (35... b4 36. Bf1 Bxd4 37. c7 Rf8 38. Bxd4 $16
) 36. Nf5) 35. Nxa5 Bc3 36. Nb7 Bxb7 37. cxb7 Bxe1 38. b8=Q Rxb8 39. Bxb8 $10)
34... Rd2 (34... f6 $2 {/\Kf7-e7,but it too slowly.} 35. Rb1 $1 b4 (35... Rd2
36. Ne4 Re2 37. Bf3 Rxa2 38. Rxb5 $16) 36. Rc1 Bc3 37. Ne4) (34... Bd4 $2 35.
c7 Rd6 36. Re1 $16) 35. Re1 $2 (35. a4 $1 bxa4 (35... b4 36. Rc1 Nb2 37. Bb6 $1
$16 (37. Bf1)) 36. Nxa4 $14) 35... f6 $2 $138 (35... Rxa2 36. c7 (36. Bd5 Ra1
37. Rxa1 Bxa1 $17) 36... Ra1 (36... Kg7) 37. Rxa1 Bxa1 38. Bb7 Nd6 $19) 36. c7
(36. a4 bxa4 (36... b4 37. Ne4 Ra2 38. Nxf6+ Bxf6 39. Bd5+ Kg7 40. Bxc4 Rxa4
41. Re8 {and white is winning.}) 37. Nxa4 Kf7 38. Rc1 Nb2 $1 39. Be3 Rd1+ 40.
Rxd1 Nxd1 41. Bb6 Nc3 $10) 36... Kf7 (36... Rxa2 $2 37. Bd5+ $1 (37. Bc6 Rb2
38. Nd3 Rc2) 37... Kh8 38. Be6 Bxe6 39. Nxe6 Nd6 40. Bd4 $1 $18) 37. Bb8 $6 (
37. a4 $1 Bxc7 (37... bxa4 $6 38. Rc1 (38. Nxa4 Bxc7 39. Rc1 Be5 40. Rxc4 Rd1+
41. Bf1 Ba6 42. Nb6 Bxc4 43. Nxc4 a4) 38... Nd6 39. Nxa4 {white is better.}) (
37... b4 38. Rc1 Nd6 (38... Nb2 $2 39. Bb7 $18) 39. Nb3 Ra2 40. Nxa5 (40. Bd5+
Kg7 41. Nxa5 Rxa4 42. Nc6 Nb5 $10) 40... Rxa4 41. Nc6 Nb5 42. Nxe5+ fxe5 43.
Bc5 Nc3 44. Kh2 $16) 38. axb5 Bb6 39. Bxb6 Nxb6 40. Ra1 Rc2 41. Na4 $16) 37...
Nd6 (37... Rxa2 38. Bb7 Bxb7 39. Nxb7 Nb6 40. Rc1 Nc8 41. Rd1 Rc2 42. Nxa5 $10)
38. Bc6 (38. Ne4 Rc2 $1 (38... Nxe4 39. Bxe4 Bd4 40. Rf1 Bb6 (40... b4 41. Bf5
Bxf5 42. gxf5 Rc2 43. Rd1 $18) 41. Bf5 Bxf5 42. gxf5 Rc2 43. Rd1 Ke7 44. Rd5
$10) 39. Nxd6+ Bxd6 40. Bd5+ Kf8 41. Be4 Rc3 42. Bg6 (42. Re3 Rc1+ 43. Kg2 Bxc7
$17) 42... Be5 $17) 38... Rc2 (38... Bd4 39. Ne4 Nxe4 40. Rxe4 Bxf2+ 41. Kf1 b4
42. Be8+ Kg7 43. Bb5 {And white is winning.}) 39. Bd5+ Kg7 (39... Kf8 $5) 40.
Nd3 (40. Ne6+ Kg6) 40... Rd2 41. Nxe5 fxe5 $1 (41... Rxd5 $2 42. Nd7 $1 (42.
Nc6 Rd2 43. Nxa5 Rxa2 44. Nc6 $14) 42... Kf7 43. Nb6 Rd2 44. Rc1 $16 {
/\45Rc6-d6}) 42. Ba8 (42. Rxe5 $1 Kf6 43. f4 $1 gxf4 44. Rh5 Kg6 45. Bc6) 42...
Kf6 43. Ba7 b4 (43... Rxa2 $2 44. Rd1 $18) 44. Bb6 (44. Rc1 Rxa2 45. Rd1 (45.
Rc6 Ke6 46. Bc5 Rd2 {and black must win.}) 45... Nb5 46. Bb6 b3 47. Bd5 a4 $17)
44... Nc4 45. Bc5 Rxa2 46. Rc1 (46. Bd5 Rc2 47. Be4 Rc3 48. Rd1 (48. Bf5 Nd2 $1
$19) 48... Nd2 $1 49. Rxd2 Rxc5 50. Rd6+ Ke7 $19) (46. Rd1 Rd2 (46... b3 $2 47.
Rd8 (47. Be4 Rd2 48. Rc1 Nd6) 47... b2 48. Be4 Ra1+ 49. Kh2 (49. Kg2 b1=Q 50.
Bxb1 Bb7+ 51. Kh2 (51. Kg3 Rxb1 52. Rb8 Nd2 53. f3 Rb2 54. Bf2) 51... Rxb1 52.
Rb8 Rh1+ 53. Kg3 Nd2 54. f3 (54. Rxb7 Rg1+ 55. Kh2 Nf3#) 54... Rc1) 49... Be6
50. Rf8+ Kg7 51. Re8 $18) 47. Rc1 b3 {Lead to the game.}) (46. Be4 {/\47Bf5.}
Nd2 (46... b3 47. Bf5 b2 48. Bxc8 Ra1 49. Bf5 Rxe1+ 50. Kg2 Nd6 51. Bxd6 Rc1
52. f3 a4 53. Kf2 $16) 47. Bd5 Rc2 48. Bd6 $132) 46... b3 47. Rxc4 b2 48. Be4
Ra1+ 49. Kh2 Rc1 $1 $19 (49... b1=Q $2 50. Bxb1 Rxb1 51. Bf8 $1 $16) 50. Ra4
Rxc5 51. Ra3 Be6 52. Rd3 Rxc7 53. Rd6 Ke7 54. Ra6 Rc4 0-1

[Event "UKR-ch"]
[Site "Ordzhonikidze"]
[Date "2001.09.11"]
[Round "4"]
[White "Neverov, Valeriy"]
[Black "Eljanov, Pavel"]
[Result "1/2-1/2"]
[WhiteElo "2564"]
[BlackElo "2522"]
[Annotator "Bangiev,A"]
[PlyCount "53"]
[EventDate "2001.09.08"]
[EventType "swiss"]
[EventRounds "9"]
[EventCountry "UKR"]
[SourceTitle "CBM 086"]
[Source "ChessBase"]
[SourceDate "2002.02.05"]
[SourceVersion "1"]
[SourceVersionDate "2002.02.05"]
[SourceQuality "1"]

1. d4 d5 2. c4 e6 3. Nc3 c5 4. cxd5 exd5 5. Nf3 Nc6 6. g3 Nf6 7. Bg2 Be7 8. O-O
O-O 9. Bg5 cxd4 10. Nxd4 h6 11. Bf4 Bg4 12. h3 Bh5 (12... Be6 {ist die
Hauptvariante in diesem Abspiel.}) 13. Nf5 (13. Qd2 Bg6 14. Rac1 Qd7 15. Rfd1
Rad8 16. Kh2 Rfe8 17. Nxc6 bxc6 18. Na4 Ne4 19. Bxe4 Bxe4 20. Nc5 Bxc5 21. Rxc5
{1/2-1/2 Grunberg,F-Glodeanu,I/Bucharest 2000/(21)}) (13. Rc1 Re8 14. Qa4 Qb6
15. Ndb5 Rac8 16. Be3 d4 17. Nxd4 Bc5 18. Bxc6 Rxc6 19. Nxc6 Bxe3 20. Nb4 Bxc1
21. Nbd5 Qe6 22. Nxf6+ gxf6 23. Rxc1 Bxe2 $14 {0-1 Popov,V-Potkin,V/Pardubice
2000/(61)}) 13... Bg6 14. Nxe7+ (14. g4 Bxf5 15. gxf5 d4 16. Nb5 Qd7 17. e3 (
17. e4 dxe3 18. Qxd7 exf2+ 19. Rxf2 Nxd7 $17 {0-1 Urzica,A-Glodeanu,I/Tusnad
2000/(32)}) 17... d3 18. e4 Rad8 19. Nc3 Bd6 20. Bxd6 Qxd6 $15 {0-1 Veneteanu,
I-Glodeanu,I/Bucharest 1998/(36)}) 14... Qxe7 15. Nxd5 (15. e3 Rad8 $132) 15...
Nxd5 16. Qxd5 Rad8 17. Qc4 Nd4 18. Kh2 (18. Be3 b5 $1 19. Qxd4 Rxd4 20. Bxd4
Rd8 21. e3 a6 $15 {0-1 Raceanu,V-Glodeanu,I/Miercurea Ciuc 1998/(54)}) (18. e4
$6 b5 19. Qd3 Bh5 $5 20. g4 (20. Rfe1 $2 Nf3+) 20... f5 $1 21. gxh5 fxe4 22.
Qe3 Rxf4 23. Rad1 Nf3+ $36) 18... b5 19. Qc3 Qxe2 (19... Nxe2 20. Rfe1 $14) 20.
Rad1 (20. Rfe1 Qxf2) (20. Rae1 Qd3 21. Re7 Nf3+ 22. Kh1 Rde8 (22... Rfe8 23.
Rxa7) 23. Rxa7 Ne1 24. Qxd3 (24. Rxe1 Qxc3 $1) 24... Bxd3 25. Rg1 Nxg2 26. Kxg2
Re2 $132) 20... Qc4 (20... b4 21. Qe3 Rfe8) 21. Be5 (21. Qxc4 bxc4 22. Rfe1 Rd7
$5 (22... Bd3 23. Re7) 23. Be3 Rfd8 $132) 21... Qxc3 22. bxc3 Ne2 23. Bf3 (23.
Bc6 Bd3) 23... Rxd1 24. Rxd1 f6 $1 25. Bxe2 (25. Bd4 Nxd4 26. cxd4 Rc8 $132)
25... fxe5 26. Kg1 Rc8 $11 27. Bxb5 1/2-1/2

[Event "BL2-Nord 0001"]
[Site "Germany"]
[Date "2001.01.28"]
[Round "5.1"]
[White "Kopylov, Michael"]
[Black "Bangiev, Alexander J"]
[Result "1/2-1/2"]
[WhiteElo "2431"]
[BlackElo "2430"]
[Annotator "Bangiev,A"]
[PlyCount "80"]
[EventDate "2000.10.15"]
[EventType "team-tourn"]
[EventRounds "9"]
[EventCountry "GER"]
[SourceTitle "CBM 082 Extra"]
[Source "ChessBase"]
[SourceDate "2001.07.03"]
[SourceVersion "1"]
[SourceVersionDate "2001.07.03"]
[SourceQuality "1"]
[WhiteTeam "Preetz"]
[BlackTeam "Isernhagen"]
[WhiteTeamCountry "GER"]
[BlackTeamCountry "GER"]

1. d4 d5 2. c4 e6 3. Nf3 c5 4. cxd5 exd5 5. Nc3 Nc6 6. g3 Nf6 7. Bg2 Be7 8. O-O
O-O 9. dxc5 Bxc5 10. Bg5 d4 11. Ne4 Be7 12. Bxf6 Bxf6 13. b4 Bg4 $6 {Ein
seltener Zug. Ofter wird hier 13...a6 oder 13...Nb4 gespielt. Schwarz opfert
einen Bauern für die Initiative.} (13... Nxb4 14. Nxf6+ Qxf6 15. Qxd4 Nc6 (
15... Qe7 16. Qe5 Qxe5 17. Nxe5 Re8 18. Rfd1 Bf5 {1/2-1/2 Rogozenko,D-Kopylov,
M/Hamburg 2000/(62)}) 16. Qxf6 gxf6 17. Rfd1 {1/2-1/2 Gustafsson,J-Shliperman,
I/New York 2000/(17)}) 14. b5 Bxf3 15. Bxf3 {[%mdl 8]} (15. exf3 Na5 16. Qd3
Qb6 17. Rfd1 Rfd8 18. Rac1 Be7 19. f4 a6 20. bxa6 Qxa6 21. Rc7 Qxd3 22. Rxd3
Nc6 23. Rxb7 Rxa2 24. Rd1 Kf8 25. Bf1 Ra7 {1/2-1/2 Lehner,O-Weinzettl,E/AUT
1998/(25)}) 15... Ne5 16. Nxf6+ Qxf6 17. Bxb7 Rab8 18. Bc6 (18. Ba6 Rfd8 $132)
18... d3 $5 (18... Nxc6 19. bxc6 Rfc8 20. Rc1 Rb2 21. a3 $16 Qd6 22. Rc4 $16)
19. exd3 Nxc6 20. bxc6 Qxc6 21. Rc1 Qd5 22. Qc2 Rfd8 23. Rfd1 h5 $6 (23... Rb4
24. Qc5 $1 Qd4 25. Re1 $1) (23... h6 $5) 24. h4 Rb4 25. Qc5 Rb2 26. Qxa7 Ra8
27. Qe3 Raxa2 (27... Rbxa2 28. Rc5) 28. Rc8+ Kh7 29. Rc5 Qd7 30. Rxh5+ Kg8 31.
Rf1 Re2 32. Qf3 Qe6 33. Rb5 g6 34. Rb7 Re5 35. d4 Rf5 36. Qg2 Ra4 37. Rb8+ Kg7
38. Rd8 $2 (38. Rd1 Ra2) (38. Ra8 $1 Rxd4 39. Qb7 Rfd5 40. Qb8 $16) 38... Qf6
$1 39. Rd5 Rxd5 40. Qxd5 Rxd4 1/2-1/2

[Event "RUS-ch 53rd"]
[Site "Samara"]
[Date "2000.06.22"]
[Round "6"]
[White "Loginov, Valery A"]
[Black "Bezgodov, Alexei"]
[Result "1/2-1/2"]
[WhiteElo "2512"]
[BlackElo "2576"]
[Annotator "Bangiev,A"]
[PlyCount "137"]
[EventDate "2000.06.03"]
[EventType "swiss"]
[EventRounds "11"]
[EventCountry "RUS"]
[SourceTitle "CBM 078"]
[Source "ChessBase"]
[SourceDate "2000.10.18"]
[SourceVersion "1"]
[SourceVersionDate "2000.10.18"]
[SourceQuality "1"]

1. Nf3 d5 2. g3 c5 3. Bg2 Nc6 4. d4 e6 5. O-O Nf6 6. c4 Be7 7. cxd5 exd5 8. Nc3
O-O 9. Bg5 cxd4 10. Nxd4 h6 11. Be3 (11. Bf4 Bg4 12. h3 Bd7 13. Rc1 Qb6 14. Nb3
Rad8 15. Be3 d4 16. Bxd4 Nxd4 17. Qxd4 Qxd4 18. Nxd4 Bxh3 19. Bxh3 Rxd4 20.
Rfd1 Rfd8 21. Rxd4 Rxd4 22. Rc2 {1-0 Popov,V-Bezgodov,A/Samara 2000/(68)})
11... Re8 12. Qc2 {Eine der ausprobierten weißen Fortsetzungen in dieser
Stellung. Weiß hat damit vor, erst Rad1 und nach Bedarf Qb1 zu spielen. Der
Anziehende beabsichtigt eine Figurenumgruppierung nach etwa Rad1, Qb1, und
nimmt das Feld f5 unter Kontrolle.} (12. Rc1) (12. Qb3) (12. Qa4) 12... Bg4 13.
h3 {Der Bauer auf h3 kann nun ein Angriffsziel für den schwarzen Läufer werden.
Ansonsten soll der Anziehende mit Qd7 rechnen.} (13. Rad1 Qd7 14. Nxc6 bxc6 15.
Bd4 Nh7 16. f3 Bh3 17. Bf2 Bxg2 18. Kxg2 Bf6 19. Ne4 Be7 20. Nc3 Bf6 21. Ne4
Be7 22. Nc5 Bxc5 23. Bxc5 Ng5 24. Rd3 Qh3+ 25. Kg1 Re5 {1/2-1/2 Bunzmann,
D-Akobian,V/Yerevan 1999/(32)}) (13. Rfd1 Bf8 (13... Qd7) (13... Bb4) 14. Nxc6
(14. Rac1 Rc8 15. Nxc6 bxc6 16. Bd4 Bb4 17. Rd2 Qe7 18. a3 Ba5 19. b4 Bb6 20.
e3 Qe6 {1/2-1/2 Beliavsky,A- Kasparov,G/Moscow/1983/ (31)}) 14... bxc6 15. Bd4
$5 Bh5 16. Rd2 {1-0 Krasenkow,M-Illescas Cordoba,M/Batumi 1999/(46)}) 13... Bd7
{Ein neuer Versuch.} (13... Be6 {ist die alte Fortsetzng. Nach} 14. Rad1 Qd7
15. Kh2 Rad8 16. f4 {hat der Nachziehende wegen der Drohung f5 gewisse
Schwierigkeiten.}) 14. Rad1 Bd6 $5 {Ein aktiver Plan. /\Bg3. Der Bauer auf d5
ist taktisch wegen die Gabel Nb4 gedeckt.} (14... Qc8 {Dies leistet nichts.}
15. Kh2 {Weiß ist im Vorteil.}) 15. Nxd5 {Trotzdem!} (15. Nf5 Be5 16. g4 Rc8
17. Nxd5 Nd4 18. Qxc8 Bxc8 19. Nxf6+ Qxf6 20. Nxd4 Qa6 21. a3 Bxd4 22. Rxd4
Qxe2 23. Rd2 Rxe3 {1/2-1/2 Loginov,V-Bezgodov,A/Moscow 1999/(23)}) 15... Nxd5
16. Bxd5 Nb4 17. Bxf7+ $1 {[%mdl 512] Ein erzwungenes Figurenopfer für zwei
Bauern.} Kxf7 18. Qb3+ Kg6 (18... Kf8 {Mir scheint dieser Zug sicherer zu sein.
Ich muß aber annehmen, dass Bezgodov, der die Tarrasch-Verteidigung ständig
spielt, diese Stellung gründlich genug analysiert hatte.} 19. a3 (19. Nc2 Be6
$17) (19. Bf4 Bc5 20. Nf5 Bxf5 21. Rxd8 Raxd8 $132) 19... Qe7 20. axb4 Bxh3 21.
Nf5 (21. Rfe1 Bxb4 22. Bd2 Bc5) 21... Qe4 (21... Bxf5 22. Rxd6) 22. Nh4 Be6)
19. a3 Qe7 (19... Bxh3 20. axb4 Qe7 (20... Bxf1 $2 21. Nb5)) 20. axb4 Bxh3 21.
Nb5 (21. Qd3+ Qe4) 21... Rad8 (21... Bxb4 22. Rd4 Bxf1 23. Qd3+ Kf7 24. Rd7 $16
) 22. Nxd6 Rxd6 23. Rxd6+ Qxd6 24. Rd1 $14 Qe6 25. Qxe6+ Rxe6 {[%mdl 4096] Mit
einem Mehrbauern hat der Anziehende die besseren Chancen, die allerdings in
dieser Partie nicht zum Gewinn reichen.} 26. Rd2 Bg4 27. Kf1 Re4 28. Bxa7 Rxb4
29. f3 Be6 30. Kf2 Rc4 31. Bb6 Kf7 32. e4 h5 33. Ke3 Rc1 34. Kf4 Rc6 35. Be3
Ke8 36. Rh2 Bf7 37. Bd4 g6 38. Be5 Be6 39. Rd2 Kf7 40. Bc3 Rc5 {Es ist dem
Schwarzen gelungen eine Art Festung aufzubauen.} 41. Rd8 Rc8 42. Rd1 Rc5 43.
Ra1 Bd7 44. Ra8 Be8 45. Rb8 Rb5 46. Rc8 Ke7 47. Bd4 Kd7 48. Rc1 Ke6 49. Rc2 Bc6
50. Rd2 Bd7 51. Bc3 Ke7 52. e5 Rb6 53. Kg5 Bf5 54. Rd4 Rc6 55. Rb4 Bc8 56. Rf4
Bf5 57. Rxf5 gxf5 58. Kxf5 Kf7 59. f4 b5 60. Kg5 Rg6+ 61. Kxh5 Rxg3 62. f5 Rg2
63. b4 Re2 64. Kg5 Re4 65. e6+ Ke7 66. Bf6+ Ke8 67. Bc3 Ke7 68. Bf6+ Ke8 69.
Bc3 1/2-1/2